Central Library OPAC University of Rajshahi

The World grain trade : (Record no. 6587)

MARC details
000 -LEADER
fixed length control field 01138cam a2200301 a 4500
001 - CONTROL NUMBER
control field 6587
003 - CONTROL NUMBER IDENTIFIER
rucl marc code BD-RjUL
005 - DATE AND TIME OF LATEST TRANSACTION
control field 20211208234255.0
008 - FIXED-LENGTH DATA ELEMENTS--GENERAL INFORMATION
fixed length control field 140111s1992 couab b 000 0 eng d
020 ## - INTERNATIONAL STANDARD BOOK NUMBER
International Standard Book Number 0813383366 (U.S. : alk. paper)
International Standard Book Number 1855670690 (U.K. : alk. paper)
035 ## - SYSTEM CONTROL NUMBER
System control number (BD-RjUL)6628
040 ## - CATALOGING SOURCE
Original cataloging agency DLC
Transcribing agency DLC
Modifying agency DLC
-- BD-RjUL
Language of cataloging eng
041 ## - LANGUAGE CODE
Language code of text/sound track or separate title eng
082 00 - DEWEY DECIMAL CLASSIFICATION NUMBER
Classification number 380.14131
Edition number 20
Author mark and year WOR 1992
245 04 - TITLE STATEMENT
Title The World grain trade :
Remainder of title grain marketing, institutions, and policies /
Statement of responsibility, etc. edited by Michael J. McGarry and Andrew Schmitz.
260 ## - PUBLICATION, DISTRIBUTION, ETC. (IMPRINT)
Place of publication, distribution, etc. Boulder, CO :
Name of publisher, distributor, etc. Westview Press ,
Place of publication, distribution, etc. London :
Name of publisher, distributor, etc. Pinter,
Date of publication, distribution, etc. c1992.
300 ## - PHYSICAL DESCRIPTION
Pagination xx, 510 p. :
Illustrations ill., maps ;
Size 23 cm.
504 ## - BIBLIOGRAPHY, ETC. NOTE
Bibliography, etc Includes bibliographical references (p. [505]-510).
650 #0 - SUBJECT ADDED ENTRY--TOPICAL TERM
Topical term or geographic name as entry element Grain trade
General subdivision Government policy
-- Case studies.
9 (RLIN) 20731
Topical term or geographic name as entry element Grain trade
General subdivision Case studies.
9 (RLIN) 20732
700 1# - ADDED ENTRY--PERSONAL NAME
Personal name McGarry, Michael J.
Personal name Schmitz, Andrew.
856 42 - ELECTRONIC LOCATION AND ACCESS
Materials specified Contributor biographical information
Uniform Resource Identifier <a href="http://www.loc.gov/catdir/enhancements/fy0831/91041737-b.html">http://www.loc.gov/catdir/enhancements/fy0831/91041737-b.html</a>
942 ## - ADDED ENTRY ELEMENTS (KOHA)
Source of classification or shelving scheme Dewey Decimal Classification
Koha item type Books
Holdings
Lost status Source of classification or shelving scheme Damaged status Not for loan Collection code Permanent Location Current Location Shelving location Date acquired Source of acquisition Total Checkouts Full call number Date last seen Copy number Koha item type
  Dewey Decimal Classification   Not For Loan Non-fiction Central Library, University of Rajshahi Central Library, University of Rajshahi   05/01/1994 Asia foundation   380.14131 WOR 1992 11/01/2014 C-1 Books